000 00207nam a22000857a 4500
008 160629b xxu||||| |||| 00| 0 eng d
100 _91344
_aPrasad, D.R
245 _aAdult Education
260 _aN.D
_b Ashish
_c1991
999 _c1104
_d1104